<?xml version="1.0" encoding="UTF-8"?><?xml-stylesheet type="text/xsl" href="static/style.xsl"?><OAI-PMH xmlns="http://www.openarchives.org/OAI/2.0/" xmlns:xsi="http://www.w3.org/2001/XMLSchema-instance" xsi:schemaLocation="http://www.openarchives.org/OAI/2.0/ http://www.openarchives.org/OAI/2.0/OAI-PMH.xsd"><responseDate>2026-06-02T21:19:51Z</responseDate><request verb="GetRecord" identifier="oai:riuma.uma.es:10630/23743" metadataPrefix="marc">https://riuma.uma.es/rest/oai/request</request><GetRecord><record><header><identifier>oai:riuma.uma.es:10630/23743</identifier><datestamp>2026-02-03T11:49:32Z</datestamp><setSpec>com_10630_2254</setSpec><setSpec>col_10630_37959</setSpec></header><metadata><record xmlns="http://www.loc.gov/MARC21/slim" xmlns:dcterms="http://purl.org/dc/terms/" xmlns:doc="http://www.lyncode.com/xoai" xmlns:xsi="http://www.w3.org/2001/XMLSchema-instance" xsi:schemaLocation="http://www.loc.gov/MARC21/slim http://www.loc.gov/standards/marcxml/schema/MARC21slim.xsd">
   <leader>00925njm 22002777a 4500</leader>
   <datafield ind2=" " ind1=" " tag="042">
      <subfield code="a">dc</subfield>
   </datafield>
   <datafield ind2=" " ind1=" " tag="720">
      <subfield code="a">De-las-Heras-Rosas, Carlos Javier</subfield>
      <subfield code="e">author</subfield>
   </datafield>
   <datafield ind2=" " ind1=" " tag="720">
      <subfield code="a">Herrera-Ballesteros, Juan</subfield>
      <subfield code="e">author</subfield>
   </datafield>
   <datafield ind2=" " ind1=" " tag="720">
      <subfield code="a">Ciruela-Lorenzo, Antonio Manuel</subfield>
      <subfield code="e">author</subfield>
   </datafield>
   <datafield ind2=" " ind1=" " tag="260">
      <subfield code="c">2022-02-03</subfield>
   </datafield>
   <datafield ind2=" " ind1=" " tag="520">
      <subfield code="a">En un mundo global caracterizado por la competencia entre empresas, el entorno empresarial es cada vez más complejo y dinámico. El empresario necesita dominar y conocer toda aquella información que tenga un interés estratégico, donde la Inteligencia Competitiva se posiciona como la herramienta más adecuada para conseguir este fin. El presente documento analiza los artículos científicos sobre Inteligencia Competitiva de revistas de la base de datos Web of Science entre 1985 y 2021. Los documentos analizados indican que el interés por esta temática es relativamente reciente y que el tema con mayor centralidad de la muestra es la Innovación. El análisis bibliométrico realizado señala que la Inteligencia Competitiva está vinculada estrechamente con los procesos de Innovación en la empresa, facilitando su desarrollo. La gestión empresarial, junto al fomento de la capacidad de absorción y alineación  en torno a la Inteligencia Competitiva permitirá a las empresas mejorar sus ventajas competitivas, así como un mayor éxito sobre los nuevos productos</subfield>
   </datafield>
   <datafield ind1="8" ind2=" " tag="024">
      <subfield code="a">de las Heras-Rosas, C; Herrera, J; Ciruela-Loreno, A.M. (2022). Los procesos de innovación en la empresa y su relación con la inteligencia competitiva. XXXI Jornadas Hispano Lusas de Gestión Científica. Universidad Castilla La Mancha. Toledo.</subfield>
   </datafield>
   <datafield ind1="8" ind2=" " tag="024">
      <subfield code="a">https://hdl.handle.net/10630/23743</subfield>
   </datafield>
   <datafield tag="653" ind2=" " ind1=" ">
      <subfield code="a">Empresas-Gestión</subfield>
   </datafield>
   <datafield ind2="0" ind1="0" tag="245">
      <subfield code="a">Los procesos de innovación en la empresa y su relación con la inteligencia competitiva</subfield>
   </datafield>
</record>
</metadata></record></GetRecord></OAI-PMH>